Geomarketing ako nástroj zvyšovania konkurencieschopnosti firiem

Salvato in:
Dettagli Bibliografici
Autore principale: Veselovská, Stanislava, 1957-
Altri autori: Hasprová, Mária, 1970-, Žák, Štefan, 1971-
Natura: Capitolo di libro
Lingua:slovacco
Soggetti:
Tags: Aggiungi Tag
Nessun Tag, puoi essere il primo ad aggiungerne!!

MARC

LEADER 00000naa$a2200000$$$4500
001 0184861
005 20251210132227.7
041 0 |a slo 
044 |a CZ 
245 1 0 |a Geomarketing ako nástroj zvyšovania konkurencieschopnosti firiem  |c Stanislava Veselovská, Mária Hasprová, Štefan Žák 
610 2 0 |a geomarketing 
610 2 0 |a boj konkurenčný 
610 2 0 |a firmy 
100 1 |a Veselovská, Stanislava, 1957- 
700 1 |a Hasprová, Mária, 1970- 
700 1 |a Žák, Štefan, 1971-